Statistiques concernant Culture Générale - Série 2017

Cliquez ici pour prendre le quiz!

Statistiques générales

  • Ce quiz a été pris 64 fois
  • Le résultat moyen est 3 sur 10

Statistiques - réponses

QuestionRéponse% Correct
Sur quelle île italienne se trouve la ville de Raguse ?Sicile
87%
Cette plante carnivore s'appelle : "dionée attrape - .... voir photomouche
79%
Quel animal est le "touladi" ?poisson
33%
Dans quel département français se trouve la commune de Maintenon ?Eure-et-Loir
25%
Quelle plante comestible est le cantaloup ?melon
21%
Du nom de son inventeur, ce terme désigne la forme d'organisation scientifique du travail (OST) définie par lui et ses disciples à partir des années 1880.taylorisme
15%
Chant d'église à plusieurs voix - 5 lettres commençant par " m "motet
7%
Comment appelle-t-on le galop d'essai d'un cheval de course ?canter
3%
Quel titre porte le roman pastoral, publié de 1607 à 1627, par Honoré d'Urfé ?l'Astrée
3%
Canapé de type corbeille, dont le dossier se prolonge par des joues enveloppantes (xviiie s.)ottomane
0%

Distribution des résultats

Percentile par nombre de réponses

% des personnes avec chaque résultat

Votre développement - résultats

Vous n’avez pas pris ce quiz